000 00370nam a2200133Ia 4500
008 220216s9999 xx 000 0 und d
100 _aThiele K
245 0 _aIncorporation of recyclate and its effect on bound rubber
260 _bInternational Polymer Science and Technology
_c2005
300 _a23-28
650 _aBound rubber
700 _aWinkler U
942 _cJS
999 _c61003
_d61003